[Event "AUTO-OPEN-1670"]
[Site "http://www.queenalice.com/game.php?id=642770"]
[Date "2009.8.26"]
[Round "1"]
[White "daniel0176"]
[Black "jonny"]
[Result "1-0"]
[WhiteElo "1716"]
[BlackElo "1366"]

1. e4 e5 2. Qh5 Qe7 3. Nc3 Nf6 4. Qf3 d6 5. Qe2 c6 6. Nf3 c5 7. h3 g6 8. d3 Bg7
9. Be3 a6 10. Qd2 a5 11. Be2 1-0

[Event "AUTO-INT-1715"]
[Site "http://www.queenalice.com/game.php?id=783403"]
[Date "2010.5.31"]
[Round "1"]
[White "jonny"]
[Black "Tal0n"]
[Result "0-1"]
[WhiteElo "1441"]
[BlackElo "1559"]

1. d4 Nf6 2. Nc3 e6 3. g3 c6 4. Bg5 Be7 5. Bg2 d5 6. Nf3 Ne4 7. Bxe7 Qxe7 8. Ne5
Nxc3 9. bxc3 f6 10. Nd3 e5 11. e4 dxe4 12. Bxe4 f5 13. Bg2 e4 14. Ne5 c5 15. O-O
Nc6 16. Qh5+ Kd8 17. Nf7+ Kd7 18. Nxh8 g6 19. Qe2 Qf8 20. d5 Ne5 21. f4 Ng4 22.
Rad1 Qh6 23. h4 Qg7 24. Bh3 Qxc3 25. Nf7 Qxg3+ 26. Qg2 Qxh4 27. Ne5+ Nxe5 28.
Bxf5+ gxf5 29. fxe5 b6 30. Qg7+ Qe7 31. Qh6 Qxe5 32. Qc6+ Kd8 33. Qxa8 e3 34.
Rd3 e2 35. Re1 c4 36. Rd2 Qe3+ 37. Kh1 Qxd2 38. Rxe2 Qxe2 0-1

[Event "AUTO-INT-1715"]
[Site "http://www.queenalice.com/game.php?id=783414"]
[Date "2010.5.31"]
[Round "1"]
[White "Kuroi"]
[Black "jonny"]
[Result "1-0"]
[WhiteElo "1769"]
[BlackElo "1426"]

1. e4 e5 2. Nf3 Nc6 3. Nc3 Bc5 4. h3 b6 5. d3 Bb4 6. Bd2 Nf6 7. g3 Bb7 8. a3
Bxc3 9. Bxc3 d5 10. Bxe5 Nd7 11. Bxg7 Rg8 12. Bh6 Nce5 13. Nxe5 Nxe5 14. Qh5 Qe7
15. Bg2 O-O-O 16. O-O Kb8 17. Bf4 Nd7 18. exd5 1-0

[Event "AUTO-INT-1715"]
[Site "http://www.queenalice.com/game.php?id=783415"]
[Date "2010.5.31"]
[Round "1"]
[White "jonny"]
[Black "Kuroi"]
[Result "0-1"]
[WhiteElo "1424"]
[BlackElo "1771"]

1. e4 e5 2. Nf3 Nf6 3. Nc3 Nc6 4. Nxe5 Nxe5 5. d4 Neg4 6. Qe2 d6 7. Bg5 h6 8.
Bxf6 Nxf6 9. e5 Bg4 10. f3 Bxf3 11. Qxf3 Qe7 12. O-O-O c6 13. exf6 Qxf6 14. Qxf6
gxf6 15. Re1+ Be7 16. d5 c5 17. Bb5+ Kf8 18. Re2 a6 0-1

[Event "AUTO-OPEN-1995"]
[Site "http://www.queenalice.com/game.php?id=783517"]
[Date "2010.5.31"]
[Round "1"]
[White "sandromm"]
[Black "jonny"]
[Result "1-0"]
[WhiteElo "1728"]
[BlackElo "1467"]

1. e4 e5 2. Nf3 Nc6 3. Bb5 Nf6 4. h3 Nxe4 5. O-O Bc5 6. c3 Nxf2 7. Rxf2 Bxf2+ 8.
Kxf2 Ne7 9. Nxe5 c6 10. Qf3 Qb6+ 11. d4 f6 12. Nc4 Qxb5 13. b3 d5 14. Nd6+ Kf8
15. Nxb5 cxb5 16. Ba3 Kf7 17. Bxe7 Kxe7 18. Qxd5 Rd8 19. Qc5+ Kf7 20. Nd2 Re8
21. Qxb5 Be6 22. Qxb7+ Kg8 23. Nf3 h5 24. c4 g5 25. d5 Bf5 26. Nd4 g4 27. Nxf5
Rad8 28. Qg7# 1-0

[Event "AUTO-OPEN-1995"]
[Site "http://www.queenalice.com/game.php?id=783518"]
[Date "2010.5.31"]
[Round "1"]
[White "jonny"]
[Black "sandromm"]
[Result "0-1"]
[WhiteElo "1443"]
[BlackElo "1803"]

1. e4 e5 2. f4 exf4 3. d4 Nf6 4. Nc3 Bb4 5. e5 Ng8 6. Bxf4 Ne7 7. Qf3 Ng6 8.
O-O-O Bxc3 9. Qxc3 Nxf4 10. Nf3 O-O 11. g3 Ne6 12. d5 Ng5 13. Nxg5 Qxg5+ 14. Rd2
d6 15. h4 Qh6 16. g4 Bxg4 17. Kb1 dxe5 18. Qxc7 Qxd2 19. Bc4 Nd7 20. h5 Nf6 21.
h6 g6 22. Qe7 Qg5 23. d6 Rae8 24. Qxb7 Nd7 25. b4 Qf5 26. Qxa7 Bf3 27. Rf1 Qh3
28. a4 Bg2 29. Re1 Ra8 30. Qc7 Rac8 31. Bxf7+ Kxf7 32. Qa7 Qf5 33. b5 Qxc2+ 34.
Ka1 Qc3+ 35. Ka2 Bd5+ 36. Kb1 Qxe1+ 37. Kb2 Qc1# 0-1

[Event "AUTO-OPEN-1995"]
[Site "http://www.queenalice.com/game.php?id=783533"]
[Date "2010.5.31"]
[Round "1"]
[White "GuaRDiaN"]
[Black "jonny"]
[Result "1-0"]
[WhiteElo "2156"]
[BlackElo "1428"]

1. d4 d5 2. c4 e5 3. dxe5 dxc4 4. Qxd8+ Kxd8 5. e4 g6 6. Bxc4 Nc6 7. Bf4 Nd4 8.
Na3 Bb4+ 9. Kf1 Bxa3 10. bxa3 Be6 11. Bd5 Bd7 12. Rd1 Bb5+ 13. Ke1 Nc2+ 14. Kd2
Nxa3 15. Kc3 Bd7 16. Bxb7 1-0

[Event "AUTO-OPEN-1995"]
[Site "http://www.queenalice.com/game.php?id=783534"]
[Date "2010.5.31"]
[Round "1"]
[White "jonny"]
[Black "GuaRDiaN"]
[Result "0-1"]
[WhiteElo "1430"]
[BlackElo "2155"]

1. d4 Nf6 2. c4 g6 3. Nc3 Bg7 4. e4 d6 5. Bf4 O-O 6. Nf3 Nbd7 7. Qd2 e5 8. Bg5
Qe8 9. Nd5 Nxd5 10. cxd5 exd4 11. Nxd4 Qxe4+ 12. Ne2 Ne5 13. f3 Nd3+ 14. Kd1
Qxd5 15. Nc3 Nf2+ 0-1

[Event "QA-ANNIV-06"]
[Site "http://www.queenalice.com/game.php?id=791026"]
[Date "2010.6.16"]
[Round "1"]
[White "jonny"]
[Black "Patrick_Vieira"]
[Result "0-1"]
[WhiteElo "1461"]
[BlackElo "2225"]

1. d4 Nf6 2. Bf4 e6 3. Bg5 c5 4. Nf3 Qb6 5. Nc3 Nc6 6. Bxf6 gxf6 7. d5 Qxb2 8.
Ne4 Nb4 9. Nxf6+ Qxf6 10. d6 Qc3+ 11. Nd2 Nxc2+ 12. Qxc2 Qxc2 13. e4 Bh6 14. Rd1
Qxa2 0-1